000 00614cam a22002173a 4500
001 43069
003 PGUSA
005 20140828083959.0
008 130630s2013||||xxu|||||s|||||000 | eng d
040 _aPGUSA
_beng
042 _adc
100 1 _aDell, Ethel M.
_q(Ethel May),
_d1881-1939
245 1 4 _aThe Hundredth Chance
_h[electronic resource] /
_cEthel M. Dell
260 _bProject Gutenberg,
_c2013
506 _aPublic domain in the USA.
516 _aElectronic text
700 1 _aCrompton, Edna
830 0 _aProject Gutenberg
_v43069
856 4 0 _uhttp://www.gutenberg.org/ebooks/43069
942 _cEB
999 _c272320
_d272320